|
|
|
|
| LEADER |
00610cam a2200193 7i4500 |
| 001 |
0000027187 |
| 005 |
20111103090000.0 |
| 020 |
0 |
0 |
|a 9780470286913
|
| 090 |
0 |
0 |
|a B 658.827
|b BRE
|
| 245 |
0 |
0 |
|a Breakthrough nonprofit branding :
|b seven principles to power extraordinary results.
|
| 260 |
0 |
0 |
|a Hoboken, New Jersey:
|b John Wiley & Sons,
|c 2011.
|
| 300 |
# |
# |
|a 316p.
|
| 650 |
0 |
0 |
|a Advertising
|
| 650 |
0 |
0 |
|a Branding (Marketing)
|
| 700 |
1 |
0 |
|a Daw,
|h Jocelyne S.
|
| 700 |
1 |
0 |
|a Cone,
|h Carol
|
| 700 |
1 |
0 |
|a Merenda,
|h Kristian Daringan
|
| 700 |
1 |
0 |
|a Erhard,
|h Anne
|
| 999 |
|
|
|a B000029505
|b Book
|c Book
|e Business Information Centre
|